Сельскохозяйственное образование за рубежом / (Record no. 244299)
[ view plain ]
| 000 -LEADER | |
|---|---|
| fixed length control field | 00848nam a2200217 u 4500 |
| 001 - CONTROL NUMBER | |
| control field | 000595790 |
| 003 - CONTROL NUMBER IDENTIFIER | |
| control field | AM-YeHGA |
| 005 - DATE AND TIME OF LATEST TRANSACTION | |
| control field | 20250617141734.0 |
| 008 - FIXED-LENGTH DATA ELEMENTS--GENERAL INFORMATION | |
| fixed length control field | 080822s1965 ru r 000 0 rus d |
| 040 ## - CATALOGING SOURCE | |
| Original cataloging agency | AM-YeHGA |
| 041 0# - LANGUAGE CODE | |
| Language code of text/sound track or separate title | rus |
| 090 ## - LOCALLY ASSIGNED LC-TYPE CALL NUMBER (OCLC); LOCAL CALL NUMBER (RLIN) | |
| -- | 245884 |
| 245 00 - TITLE STATEMENT | |
| Title | Сельскохозяйственное образование за рубежом / |
| Statement of responsibility, etc. | И.Ф. Гаркуша, В.Ф. Красота, Б.А. Рунов и др. |
| 260 ## - PUBLICATION, DISTRIBUTION, ETC. | |
| Place of publication, distribution, etc. | Москва : |
| Name of publisher, distributor, etc. | Колос, |
| Date of publication, distribution, etc. | 1965. |
| 300 ## - PHYSICAL DESCRIPTION | |
| Extent | 167 с. ; |
| Dimensions | 17 см. |
| 650 14 - SUBJECT ADDED ENTRY--TOPICAL TERM | |
| Topical term or geographic name entry element | Сельское хозяйство |
| General subdivision | Высшее сельскохозяйственное образование |
| 650 14 - SUBJECT ADDED ENTRY--TOPICAL TERM | |
| Topical term or geographic name entry element | Высшее сельскохозяйственное образование |
| 700 1# - ADDED ENTRY--PERSONAL NAME | |
| Personal name | Гаркуша, И.Ф. |
| 700 1# - ADDED ENTRY--PERSONAL NAME | |
| Personal name | Красота, В.Ф |
| 700 1# - ADDED ENTRY--PERSONAL NAME | |
| Personal name | Рунов, Б.А. |
| Withdrawn status | Lost status | Damaged status | Not for loan | Collection | Home library | Current library | Date acquired | Total checkouts | Full call number | Barcode | Date last seen | Price effective from | Koha item type | Public note |
|---|---|---|---|---|---|---|---|---|---|---|---|---|---|---|
| General | Fundamental Scientific Library | Fundamental Scientific Library | 28/12/2016 | PI/13653 | FL0126121 | 28/12/2016 | 28/12/2016 | Գրքեր / Books | 30 Days Loan | |||||
| General | Fundamental Scientific Library | Fundamental Scientific Library | 28/12/2016 | PI/13694 | FL0126162 | 28/12/2016 | 28/12/2016 | Գրքեր / Books | 30 Days Loan |
ՀՀ Գիտությունների ազգային ակադեմիայի հիմնարար գիտական գրադարան = Fundamental Scientific Library of NAS RA
All site content, except where otherwise noted, is licensed under a